Statistics for Highest Hindu % countries

Click here to take the quiz!

General Stats

  • This quiz has been taken 19 times
  • The average score is 14 of 20

Answer Stats

PercentageAmountAnswer% Correct
78.9%1.09 billionIndia
100%
80.6%28.6 millionNepal
100%
8.2%13.79 millionBangladesh
94%
22.5%0.19 millionBhutan
94%
13.7%3.09 millionSri Lanka
88%
6.5%0.38 millionSingapore
82%
5.8%1.94 millionMalaysia
76%
10.2%0.15 millionBahrain
71%
9.9%0.33 millionKuwait
71%
48.4%0.64 millionMauritius
71%
15.9%0.36 millionQatar
71%
7.7%0.66 millionUAE
71%
5.7%0.19 millionOman
65%
27.9%0.27 millionFiji
59%
18.8%0.11 millionSuriname
59%
23.3%0.2 millionGuyana
53%
22.3%0.31 millionTrinidad and Tobago
53%
2.1%<0.01 millionSeychelles
47%
2.5%0.12 millionNew Zealand
35%
3.4%<0.01 millionSaint Vincent and the Grenadines
18%

Score Distribution

Percentile by Number Answered

Percent of People with Each Score

Your Score History

You have not taken this quiz